| 000 | 00669nam a22002537a 4500 | ||
|---|---|---|---|
| 003 | UA-OsUOA | ||
| 001 | 25327 | ||
| 007 | ta | ||
| 008 | 20040401b un ||||| |||| 00| 0 ukr d | ||
| 100 | _aХорни К. | ||
| 090 |
_a159.964.2 _bХ79 |
||
| 942 | _cBK | ||
| 040 |
_aUA-OsUOA _brus _cUA-OsUOA _dUA-OsUOA |
||
| 245 | _aСамоанализ. Психология женщины. Новые пути в психоанализе. | ||
| 300 | _a480 с. | ||
| 955 | _a2 | ||
| 041 | _arus | ||
| 080 | _a159.964.2 | ||
| 020 | _a5-318-00768-8 | ||
| 260 |
_aСПб _bПитер _c2003 |
||
| 044 | _aRU | ||
| 650 | 7 |
_a159.9 Психологія _2UDC |
|
| 999 |
_c311620 _d311620 |
||